| 000 | 00000nam##2200000za#4500 |
| 001 | 9.695205 |
| 003 | CaOODSP |
| 005 | 20210624234453 |
| 007 | cr ||||||||||| |
| 008 | 150407|2001||||xxc|||||o f|0| 0 eng|d |
| 040 | |aCaOODSP|beng |
| 043 | |an-cn--- |
| 086 | 1 |aC21-32/1-2001E-PDF |
| 110 | 1 |aCanada. |bIndustry Canada. |
| 245 | 10|aBiotechnological intellectual property and the patenting of higher life forms : |h[electronic resource]|bconsultation document 2001 |
| 260 | |aOttawa - Ontario : |bIndustry Canada |c2001. |
| 300 | |a27p.|bglossary |
| 500 | |aThe catalogue number (C21-32/1-2001) and ISBN (0-662-65549-4) for the bilingual print edition have been incorrectly copied in this electronic publication. |
| 504 | |aBibliography. |
| 590 | |a11-28-Supp|b2011-11-17 |
| 690 | 07|aBiotechnology|2gcpds |
| 690 | 07|aIntellectual property|2gcpds |
| 690 | 07|aPatents|2gcpds |
| 775 | 08|tPropriété intellectuelle en biotechnologie et la brevetabilité des formes de vie supérieures : |w(CaOODSP)9.639351 |
| 776 | 0#|tBiotechnological intellectual property and the patenting of higher life forms : |w(CaOODSP)9.662589 |
| 776 | 0#|tPropriété intellectuelle en biotechnologie et la brevetabilité des formes de vie supérieures : |w(CaOODSP)9.662590 |
| 856 | 40|ahttp://publications.gc.ca|qPDF|s113 KB|uhttps://publications.gc.ca/collections/Collection/C21-32-1-2001E.pdf |
| 986 | |a53337B |